000 00509nam a2200169 i 4500
001 56625
003 ES-MaACL
005 20230906163419.0
007 t|
008 031010s1982 sp ||||1| spa d
245 0 0 _aDinámica de grupos /
_cA.M. Daumling ... [et al.] ; [traducción de Rodolfo Cabello Heras].
260 _a[Madrid] :
_bAnaya,
_c[1982]
300 _a235 p. ;
_c24 cm.
700 1 _aDaumling, A. M.
_942826
700 1 _aCabello Heras, Rodolfo.
_933177
852 _aES-MaACL
_jL-3082
_bR.103781
999 _c56625
_d56625